000 01330cam a22003857a 4500
003 CHAP
005 20220817043926.0
008 040213d2003 it rn 00110 spa d
010 _a88049
011 _a89021
020 _a9253048891
035 _a99570
040 _cCHAP
082 0 4 _a636.08
_bF3Y v.155
110 2 _aFAO
245 1 0 _aAgroforestería para la producción animal en América Latina II
_c/por M.D. Sánchez y M. Rosales Méndez
260 _aRoma :
_bFAO,
_c2003.
300 _a374 p.
490 0 _aFAO. Producción y sanidad animal
_v; 155
500 _aMemorias de la segunda conferencia electrónica (agosto de 2000-marzo de 2001)
590 _aBATCH-UPD
_b10
_c20130110
_lUCH01
_h0448
590 _aBATCH-UPD
_b10
_c20130410
_lUCH01
_h0124
590 _aBATCH-UPD
_b10
_c20130913
_lUCH01
_h2201
590 _aCONVERSION
_b10
_c20130109
_lUCH01
_h1349
650 1 4 _aAgricultura sustentable.
650 1 4 _aAgricultura y ganadería.
_92074
650 1 4 _aAgroforestería
_xAmérica Latina.
_92158
700 0 0 _aRosales Méndez, M.
_eed.
_999922
700 0 0 _aSánchez, M.D.
_eed.
_9107951
830 0 _aFAO. Producción y sanidad animal
_v; 155
_939655
901 _aBK
905 _aAlejandra Carrasco M.
942 _cLIBRO
949 _a636.08 F3Y v.155
_bBC
_cFAO
_d33724000914792
_eFAO1
_h104359
_i99570
_sb
999 _c88049
_d88049